000 00318nam a22001457a 4500
008 230626b ||||| |||| 00| 0 eng d
020 _a9780199766109
041 _aeng
080 _a573
082 _a573LAM
100 _a16
101 _aBIOLOGJI
245 _aBIOLOGICAL PSYCHOLOGY
_cLAMBERT.K
942 _2udc
_cBK
999 _c60040
_d60040